Indian Council of Medical Research : Report of the Working Group on Medical Educ (Record no. 15391)

MARC details
000 -LEADER
fixed length control field 00337nam a2200121Ia 4500
082 ## - DEWEY DECIMAL CLASSIFICATION NUMBER
Classification number RI.0020
100 ## - MAIN ENTRY--AUTHOR NAME
Personal name Indian Council of Medical Rese
245 #0 - TITLE STATEMENT
Title Indian Council of Medical Research : Report of the Working Group on Medical Educ
260 ## - PUBLICATION, DISTRIBUTION, ETC. (IMPRINT)
Year of publication 1978
300 ## - PHYSICAL DESCRIPTION
Number of Pages v.p.
942 ## - ADDED ENTRY ELEMENTS (KOHA)
Koha item type Books
Holdings
Withdrawn status Lost status Damaged status Not for loan Home library Current library Date acquired Full call number Accession Number Price effective from Koha item type
        NASSDOC Library NASSDOC Library 08/10/2004 RI.0020 12957 18/04/2019 Books